| 000 | 01051nam a22003017i 4500 | ||
|---|---|---|---|
| 999 |
_c23048 _d23048 |
||
| 003 | AR-CdUCM | ||
| 008 | 240916b20182018spa||||| |||| 00| 0 spa d | ||
| 020 | _a978-84-17057-36-7 | ||
| 040 |
_aMUNICIPALIDAD PROVINCIAL DEL CUSCO _cBIBLIOTECA MUNICIPAL DEL CUSCO |
||
| 041 | _hspa | ||
| 082 |
_a615.85 / A66 _bA66 |
||
| 100 |
_aAra Roldán, Alfredo _950436 |
||
| 245 | _a100 Plantas medicinales para tu salud / | ||
| 260 |
_aEspaña : _bArcopress, S.L. _c2018 |
||
| 300 |
_a398 páginas. : _c22.5 cm. |
||
| 500 | _zBibliografía: página 398. | ||
| 505 | _aFitoterapia -- Formas de aplicación y toma para administrar las plantas -- Normas de toma y dosificación -- Principios activos | ||
| 650 |
_aLas plantas _924134 |
||
| 650 |
_aDecocción _950437 |
||
| 650 |
_aMaceración en frio _950438 |
||
| 650 |
_aCompresas _950439 |
||
| 650 |
_aCataplasma _950440 |
||
| 650 |
_aPlanta en polvo _950441 |
||
| 650 |
_aExtracto fluido _950442 |
||
| 650 |
_aExtracto hidroglicerinado _950443 |
||
| 942 |
_2ddc _cLIBROS |
||
| 945 |
_apbj _d2024-09-16 |
||